The impact of supplier relationship management on a firm's competitiveness: A case study on Nairobi based small and medium Enterprises/ (Record no. 4283)

000 -LEADER
fixed length control field 00519nam a22001577a 4500
003 - CONTROL NUMBER IDENTIFIER
control field OSt
005 - DATE AND TIME OF LATEST TRANSACTION
control field 20210715102413.0
008 - FIXED-LENGTH DATA ELEMENTS--GENERAL INFORMATION
fixed length control field 210715b xxu||||| |||| 00| 0 eng d
050 ## - LIBRARY OF CONGRESS CALL NUMBER
Classification number RUSC HF5437.M836 2020
100 ## - MAIN ENTRY--PERSONAL NAME
Personal name Mwangi, Melvyn
245 ## - TITLE STATEMENT
Title The impact of supplier relationship management on a firm's competitiveness: A case study on Nairobi based small and medium Enterprises/
Statement of responsibility, etc Melvyn Mwangi & David K. Muema
260 ## - PUBLICATION, DISTRIBUTION, ETC. (IMPRINT)
Place of publication, distribution, etc Nairobi
Date of publication, distribution, etc 2020
300 ## - PHYSICAL DESCRIPTION
Extent x, 55p:
700 ## - ADDED ENTRY--PERSONAL NAME
Personal name Muema, K. David
942 ## - ADDED ENTRY ELEMENTS (KOHA)
Source of classification or shelving scheme
Koha item type Research Project
Holdings
Withdrawn status Lost status Source of classification or shelving scheme Damaged status Not for loan Home library Current library Shelving location Date acquired Total Checkouts Full call number Barcode Date last seen Price effective from Koha item type
          Riara University Library Riara University Library Special Collection 15/07/2021   RUSC HF5437.M836 2020 10491/21 15/07/2021 15/07/2021 Research Project

Riara University Library,
P.O. Box 49940-00100,
Nairobi, Kenya.